00398nam a2200169Ia 4500003000400000005001700004008004100021040000700062041000800069082001900077100002100096245003300117260003600150365001200186650001500198650001500213OSt20230607161459.0210423s2007 xx 000 0 und d cAL aeng a150223b MISH aMISHTHA (Sushma) aHandbook of basic psychology aNew DelhibAcademic Pressc2007 b99cINR aPhilosophy aPsychology